ADVISING STUDENT GROUPS AND ORGANIZATIONS (Record no. 5580)

000 -LEADER
fixed length control field 00314nam a22001097a 4500
008 - FIXED-LENGTH DATA ELEMENTS--GENERAL INFORMATION
fixed length control field 170623b xxu||||| |||| 00| 0 eng d
020 ## - INTERNATIONAL STANDARD BOOK NUMBER
International Standard Book Number 0787910333.
100 ## - MAIN ENTRY--PERSONAL NAME
Personal name DUNKEL NORBERT W.
Titles and other words associated with a name SCHUH JOHN H.
245 ## - TITLE STATEMENT
Title ADVISING STUDENT GROUPS AND ORGANIZATIONS
250 ## - EDITION STATEMENT
Edition statement 1st ed.
260 ## - PUBLICATION, DISTRIBUTION, ETC. (IMPRINT)
Place of publication, distribution, etc. SAN FRANCISCO
Name of publisher, distributor, etc. JOSSEY-BASS
Date of publication, distribution, etc. 1998

No items available.

IRDP © 2019 :: Managed by IRDP ICT Unit